000 00624nam a22001457a 4500
999 _c520003
_d520003
008 220601b ||||| |||| 00| 0 eng d
100 _aShankar, Uday and Pandey, Shubham
_933340
245 _aBalancing the scales of justice though artificial intelligence
260 _aJournal of the Indian Law Institute
300 _a63(2), Apr-Jun, 2021: p.190-210
520 _aThe docket of Indian judiciary, at all levels, is clogged with unmanageable numbers waiting for final disposals of the disputes. – Reproduced
773 _aJournal of the Indian Law Institute
906 _aARTIFICIAL INTELLIGENCE
942 _cAR